[Event "Rottach Egern Seniors Cup 12th"]
[Site "Rottach Egern"]
[Date "2024.04.06"]
[Round "1"]
[White "Kannenberg, Karl Heinz"]
[Black "Bodemer, Wolfgang"]
[Result "1-0"]
[WhiteElo "2108"]
[BlackElo "1867"]
[PlyCount "49"]
[EventDate "2024.04.06"]
[EventType "swiss"]
[EventRounds "9"]
[EventCountry "GER"]
[SourceTitle "CB16_2024"]
[SourceDate "2024.04.17"]
[SourceVersion "1"]
[SourceVersionDate "2024.04.17"]
[SourceQuality "1"]

1. d4 d5 2. Nf3 Nf6 3. e3 e6 4. Bd3 c5 5. 0-0 c4 6. Be2 Be7 7. b3 b5 8. a4 a5 9. axb5 cxb3 10. cxb3 0-0 11. Nc3 Nbd7 12. Ba3 Bb7 13. Na4 Bxa3 14. Rxa3 Qe7 15. Ra1 Rfc8 16. Bd3 h6 17. Qe2 Rc7 18. Rfc1 Rac8 19. Rxc7 Rxc7 20. Qd2 Qb4 21. Qxb4 axb4 22. b6 Rc8 23. Bb5 Kf8 24. Ne1 Ke7 25. Nd3 1-0

[Event "Mittelfranken Landesliga Nord 2223"]
[Site "Mittelfranken"]
[Date "2022.11.27"]
[Round "3.3"]
[White "Schmid, Bernhard"]
[Black "Kannenberg, Karl Heinz"]
[Result "1-0"]
[WhiteElo "2086"]
[BlackElo "2062"]
[PlyCount "73"]
[EventDate "2022.10.09"]
[EventType "team-tourn"]
[EventRounds "9"]
[EventCountry "GER"]
[SourceTitle "EXT 2024"]
[Source "ChessBase"]
[SourceDate "2023.10.10"]
[SourceVersion "1"]
[SourceVersionDate "2023.10.10"]
[SourceQuality "1"]
[WhiteTeam "Kelheim"]
[BlackTeam "Kitzingen"]
[WhiteTeamCountry "GER"]
[BlackTeamCountry "GER"]

1. d4 d5 2. c4 c6 3. Nc3 Nf6 4. e3 a6 5. Qc2 g6 6. Bd3 Bg7 7. Nf3 0-0 8. 0-0 Nbd7 9. Bd2 b5 10. cxb5 cxb5 11. b4 Nb6 12. a4 bxa4 13. Nxa4 Nxa4 14. Rxa4 Bb7 15. Rfa1 Qd6 16. Qc5 Qe6 17. Ng5 Qd7 18. b5 Rac8 19. Qb4 axb5 20. Bxb5 Bc6 21. Ra7 Qd6 22. Bxc6 Rxc6 23. Qb7 Rfc8 24. Qxe7 Qxe7 25. Rxe7 Rc2 26. Be1 Bf8 27. Rb7 Rc1 28. Rxc1 Rxc1 29. Kf1 Ng4 30. h3 Nh6 31. Ke2 Rc4 32. Rb5 Nf5 33. Rxd5 Rc2+ 34. Kd3 Rb2 35. Rd7 Nd6 36. d5 Kg7 37. Bc3+ 1-0

[Event "Mittelfranken Landesliga Nord 2223"]
[Site "Mittelfranken"]
[Date "2022.10.23"]
[Round "2.2"]
[White "Mueller, Marcus"]
[Black "Kannenberg, Karl Heinz"]
[Result "1/2-1/2"]
[WhiteElo "2063"]
[BlackElo "2062"]
[PlyCount "109"]
[EventDate "2022.10.09"]
[EventType "team-tourn"]
[EventRounds "9"]
[EventCountry "GER"]
[SourceTitle "EXT 2024"]
[Source "ChessBase"]
[SourceDate "2023.10.10"]
[SourceVersion "1"]
[SourceVersionDate "2023.10.10"]
[SourceQuality "1"]
[WhiteTeam "Nuernberg Sued SW"]
[BlackTeam "Kitzingen"]
[WhiteTeamCountry "GER"]
[BlackTeamCountry "GER"]

1. d4 d5 2. c4 e6 3. Nc3 Nf6 4. Nf3 a6 5. g3 dxc4 6. Bg2 c5 7. 0-0 Nc6 8. dxc5 Qxd1 9. Rxd1 Bxc5 10. Bg5 Bd7 11. Rac1 Rc8 12. Bxf6 gxf6 13. Ne4 Be7 14. Rxc4 f5 15. Nd6+ Bxd6 16. Rxd6 Ke7 17. Rd1 Rhg8 18. a3 f6 19. e3 Rg4 20. Nd2 b5 21. Rcc1 Na5 22. Rxc8 Bxc8 23. Rc1 Kd8 24. f4 Rg7 25. b4 Rd7 26. Rc2 Nb7 27. Nb3 Rd1+ 28. Kf2 Nd6 29. Rd2 Rxd2+ 30. Nxd2 Kc7 31. Ke2 Bb7 32. Bxb7 Kxb7 33. Kd3 Kc6 34. Kd4 Nf7 35. e4 Nd6 36. e5 fxe5+ 37. fxe5 Nf7 38. h4 h6 39. Nb3 Nd8 40. Nc5 Kb6 41. Nd3 Nc6+ 42. Ke3 a5 43. Kf4 axb4 44. axb4 Ne7 45. Nc5 Nd5+ 46. Kf3 Nxb4 47. Nxe6 Nd3 48. Nd4 Nxe5+ 49. Kf4 Nc6 50. Nxf5 Kc5 51. Ke4 b4 52. Ne3 b3 53. Kd3 Nb4+ 54. Kc3 Nd5+ 55. Nxd5 1/2-1/2

[Event "Rottach Egern Seniors Cup 10th"]
[Site "Rottach Egern"]
[Date "2022.03.30"]
[Round "5"]
[White "Kannenberg, Karl Heinz"]
[Black "Stern, Geoffrey"]
[Result "1-0"]
[WhiteElo "2125"]
[BlackElo "1930"]
[PlyCount "151"]
[EventDate "2022.03.26"]
[EventType "swiss"]
[EventRounds "9"]
[EventCountry "GER"]
[SourceTitle "CBM 207 Extra"]
[Source "ChessBase"]
[SourceDate "2022.05.31"]
[SourceVersion "1"]
[SourceVersionDate "2022.05.31"]
[SourceQuality "1"]

1. d4 d5 2. c4 e6 3. Nc3 Nf6 4. Nf3 Nbd7 5. cxd5 exd5 6. Bg5 c6 7. e3 Be7 8. Bd3 0-0 9. Qc2 Re8 10. h3 Ne4 11. Bf4 Ndf6 12. 0-0 Bd6 13. Be5 Nxc3 14. Qxc3 Qe7 15. Qc2 g6 16. Rfc1 Nd7 17. Bxd6 Qxd6 18. a3 Nf6 19. Ne5 Nd7 20. Nf3 Nf6 21. b4 a6 22. Rab1 Ne4 23. a4 Bd7 24. Ne5 Nf6 25. Qc5 Qf8 26. b5 axb5 27. axb5 Rec8 28. bxc6 bxc6 29. Rb7 Qxc5 30. Rxc5 Be8 31. Rc1 Ne4 32. Bxe4 dxe4 33. Nc4 c5 34. Nb6 Rcb8 35. Nxa8 Rxb7 36. Rxc5 Kg7 37. Rc1 Kf6 38. Nc7 Ba4 39. Na6 Rb2 40. Nc5 Bc2 41. Ra1 Rb1+ 42. Rxb1 Bxb1 43. Kf1 Ke7 44. Ke1 f5 45. Kd2 Ba2 46. Kc3 Bd5 47. Kb4 Kd6 48. Kb5 Kc7 49. Na6+ Kd6 50. Nb4 Bf7 51. Kb6 Be6 52. Na6 Bb3 53. h4 Bd5 54. Nc7 Bf7 55. g3 h6 56. Kb7 Kd7 57. Na6 Bd5+ 58. Kb8 Bf7 59. Nc5+ Kd8 60. Kb7 Bd5+ 61. Kb6 g5 62. Na6 Kd7 63. Kc5 Bf7 64. Nb8+ Kc7 65. Nc6 Bg8 66. Ne7 Bh7 67. Nd5+ Kd8 68. Kd6 Bg6 69. Ke6 Bh7 70. hxg5 hxg5 71. Kf7 f4 72. gxf4 gxf4 73. Nxf4 Bf5 74. Kf6 Bh7 75. Ne6+ Ke8 76. Ng5 1-0

[Event "Rottach Egern Seniors Cup 10th"]
[Site "Rottach Egern"]
[Date "2022.03.29"]
[Round "4"]
[White "Basener, Winfried"]
[Black "Kannenberg, Karl Heinz"]
[Result "1/2-1/2"]
[WhiteElo "2070"]
[BlackElo "2125"]
[PlyCount "51"]
[EventDate "2022.03.26"]
[EventType "swiss"]
[EventRounds "9"]
[EventCountry "GER"]
[SourceTitle "CBM 207 Extra"]
[Source "ChessBase"]
[SourceDate "2022.05.31"]
[SourceVersion "1"]
[SourceVersionDate "2022.05.31"]
[SourceQuality "1"]

1. e4 c6 2. d4 d5 3. Nc3 dxe4 4. Nxe4 Nf6 5. Nxf6+ exf6 6. Nf3 Bg4 7. Be2 Bd6 8. 0-0 0-0 9. Be3 Re8 10. Re1 Nd7 11. h3 Bh5 12. Nd2 Bxe2 13. Rxe2 Nf8 14. Nf3 Ng6 15. Qd3 Qd7 16. Rae1 Bc7 17. Bd2 Red8 18. Qb3 h6 19. Kf1 Bb6 20. c3 Re8 21. Qc4 Rad8 22. Rxe8+ Rxe8 23. Rxe8+ Qxe8 24. Qe2 Qd7 25. Qe4 Qe6 26. Qxe6 1/2-1/2

[Event "Rottach Egern Seniors Cup 10th"]
[Site "Rottach Egern"]
[Date "2022.03.27"]
[Round "2"]
[White "Kannenberg, Karl Heinz"]
[Black "Zschunke, Werner"]
[Result "1-0"]
[WhiteElo "2125"]
[BlackElo "1935"]
[PlyCount "79"]
[EventDate "2022.03.26"]
[EventType "swiss"]
[EventRounds "9"]
[EventCountry "GER"]
[SourceTitle "CBM 207 Extra"]
[Source "ChessBase"]
[SourceDate "2022.05.31"]
[SourceVersion "1"]
[SourceVersionDate "2022.05.31"]
[SourceQuality "1"]

1. d4 Nf6 2. Nf3 g6 3. Nc3 Bg7 4. e4 d6 5. Be2 0-0 6. 0-0 c6 7. a4 Qc7 8. h3 b6 9. Re1 e5 10. Bg5 a6 11. Qd2 Nbd7 12. Rad1 Bb7 13. dxe5 dxe5 14. Qd6 Rac8 15. Nxe5 Nxe5 16. Bxf6 Qxd6 17. Rxd6 Bxf6 18. Rxf6 Rcd8 19. f4 Nd7 20. Rd6 Nc5 21. Red1 Rxd6 22. Rxd6 Re8 23. Bf3 a5 24. e5 Rc8 25. Kf2 Kf8 26. b3 Ke7 27. Ne4 Ne6 28. Bg4 Rd8 29. Bxe6 fxe6 30. Rxd8 Kxd8 31. Ng5 c5 32. Nxe6+ Ke7 33. Ng5 h6 34. Nf3 Be4 35. Ne1 c4 36. bxc4 Bc6 37. Nf3 Bxa4 38. Nd4 Bd7 39. Ke3 Bc8 40. c5 1-0

[Event "Rottach Egern Seniors Cup 10th"]
[Site "Rottach Egern"]
[Date "2022.03.26"]
[Round "1"]
[White "Abel, Hans Peter"]
[Black "Kannenberg, Karl Heinz"]
[Result "0-1"]
[WhiteElo "1868"]
[BlackElo "2125"]
[PlyCount "100"]
[EventDate "2022.03.26"]
[EventType "swiss"]
[EventRounds "9"]
[EventCountry "GER"]
[SourceTitle "CBM 207 Extra"]
[Source "ChessBase"]
[SourceDate "2022.05.31"]
[SourceVersion "1"]
[SourceVersionDate "2022.05.31"]
[SourceQuality "1"]

1. Nf3 d5 2. d4 Nf6 3. g3 Bg4 4. Bg2 Nbd7 5. Nbd2 e6 6. 0-0 Bd6 7. c4 c6 8. b3 Qe7 9. Bb2 Ba3 10. Qc1 Bxb2 11. Qxb2 0-0 12. e3 h6 13. Ne5 Bf5 14. f3 Nxe5 15. dxe5 Nd7 16. Rfe1 Bg6 17. f4 Rfd8 18. cxd5 cxd5 19. b4 Rac8 20. Rac1 Nb6 21. a3 Qd7 22. Bf1 Na4 23. Qd4 Nb6 24. Qb2 Qa4 25. Qb3 Bc2 26. Qxa4 Nxa4 27. Nf3 Be4 28. Nd4 a6 29. Nb3 b5 30. Rxc8 Rxc8 31. Rc1 Rxc1 32. Nxc1 Kf8 33. Nb3 Ke7 34. Nd4 Kd8 35. Bxb5 axb5 36. Nxb5 Bd3 37. Nd4 Nc3 38. Kf2 Nb5 39. a4 Nxd4 40. exd4 Bc2 41. a5 Bd3 42. Ke3 Bb5 43. g4 g6 44. h4 Ke7 45. Kf3 Kd7 46. h5 gxh5 47. g5 hxg5 48. fxg5 Ke7 49. Kg3 Kf8 50. Kh4 Be2 0-1

[Event "GER-ch Seniors 65 32nd"]
[Site "Magdeburg"]
[Date "2020.08.19"]
[Round "6"]
[White "Esswein, Karlheinz"]
[Black "Kannenberg, Karl Heinz"]
[Result "1/2-1/2"]
[WhiteElo "2036"]
[BlackElo "2128"]
[PlyCount "80"]
[EventDate "2020.08.14"]
[EventType "swiss"]
[EventRounds "9"]
[EventCountry "GER"]
[SourceTitle "EXT 2021"]
[Source "ChessBase"]
[SourceDate "2020.10.23"]
[SourceVersion "1"]
[SourceVersionDate "2020.10.23"]
[SourceQuality "1"]

1. e4 c6 2. Nc3 d5 3. Nf3 dxe4 4. Nxe4 Bg4 5. h3 Bxf3 6. Qxf3 e6 7. Bc4 Nd7 8. 0-0 Ne5 9. Qe2 Nxc4 10. Qxc4 Be7 11. d4 Nf6 12. Nxf6+ Bxf6 13. Be3 0-0 14. Rfd1 Qd7 15. Rd2 Rfd8 16. Rad1 h6 17. Qe2 Qd5 18. c4 Qf5 19. b3 Rd7 20. Qg4 Qxg4 21. hxg4 b6 22. f4 Rad8 23. Kf2 Be7 24. Ke2 Bb4 25. Rd3 Kf8 26. f5 Ke7 27. fxe6 fxe6 28. g5 h5 29. Rh1 Kf7 30. Rxh5 Kg6 31. Rh4 e5 32. Re4 exd4 33. Rexd4 Rxd4 34. Rxd4 Rxd4 35. Bxd4 Be7 36. Be5 Bxg5 37. Bb8 a6 38. Kf3 Kf5 39. g4+ Ke6 40. Ke4 Bd8 1/2-1/2

[Event "GER-ch Seniors 65 31st"]
[Site "Radebeul"]
[Date "2019.04.30"]
[Round "5"]
[White "Huelsmann, Josef"]
[Black "Kannenberg, Karl Heinz"]
[Result "1-0"]
[WhiteElo "2215"]
[BlackElo "2169"]
[PlyCount "85"]
[EventDate "2019.04.26"]
[EventType "swiss"]
[EventRounds "9"]
[EventCountry "GER"]
[SourceTitle "CBM 190 Extra"]
[Source "ChessBase"]
[SourceDate "2019.07.15"]
[SourceVersion "1"]
[SourceVersionDate "2019.07.15"]
[SourceQuality "1"]

1. d4 d5 2. c4 c6 3. cxd5 cxd5 4. Nc3 Nf6 5. Nf3 Nc6 6. Bf4 a6 7. e3 Bg4 8. Be2 e6 9. h3 Bxf3 10. Bxf3 Bd6 11. Bxd6 Qxd6 12. 0-0 0-0 13. Qd2 b5 14. Rac1 Rac8 15. Rfd1 Rfd8 16. Qe1 h6 17. g3 Rc7 18. Bg2 Rdc8 19. Bf1 Na5 20. Bxb5 Qb6 21. Bf1 Qxb2 22. Na4 Qxc1 23. Rxc1 Rxc1 24. Qxa5 Ne4 25. Nc5 Nxc5 26. dxc5 R8xc5 27. Qxa6 Rd1 28. Kg2 g6 29. Qe2 Rdc1 30. Qb2 R5c2 31. Qb3 Rd2 32. a4 Rcc2 33. Qb8+ Kg7 34. Qe5+ Kg8 35. Qf6 Ra2 36. Bb5 Rdb2 37. Be8 Rb7 38. g4 Rc7 39. h4 Kf8 40. Bb5 Rcc2 41. h5 gxh5 42. gxh5 Kg8 43. Be8 1-0

[Event "Landesliga Nord 1819"]
[Site "Bayern"]
[Date "2019.04.07"]
[Round "9.2"]
[White "Schatz, Christian"]
[Black "Kannenberg, Karl Heinz"]
[Result "1/2-1/2"]
[WhiteElo "2092"]
[BlackElo "2134"]
[PlyCount "31"]
[EventDate "2018.10.21"]
[EventType "team-tourn"]
[EventRounds "9"]
[EventCountry "GER"]
[SourceTitle "EXT 2022"]
[Source "ChessBase"]
[SourceDate "2021.10.06"]
[SourceVersion "1"]
[SourceVersionDate "2021.10.06"]
[SourceQuality "1"]
[WhiteTeam "Wuerzburg"]
[BlackTeam "Kitzingen SC"]
[WhiteTeamCountry "GER"]
[BlackTeamCountry "GER"]

1. e4 c6 2. d4 d5 3. Nc3 dxe4 4. Nxe4 Bf5 5. Ng3 Bg6 6. h4 h6 7. Nf3 e6 8. h5 Bh7 9. Bd3 Bxd3 10. Qxd3 Nf6 11. Bd2 Be7 12. 0-0-0 0-0 13. Ne4 Nxe4 14. Qxe4 Qd5 15. Qxd5 cxd5 16. Ne5 1/2-1/2

[Event "Wch Seniors 50 28th"]
[Site "Bled"]
[Date "2018.11.28"]
[Round "10"]
[White "Kannenberg, Karl Heinz"]
[Black "Chapman, Terry PD"]
[Result "1/2-1/2"]
[WhiteElo "2182"]
[BlackElo "2172"]
[PlyCount "100"]
[EventDate "2018.11.18"]
[EventType "swiss"]
[EventRounds "11"]
[EventCountry "SLO"]
[SourceTitle "CBM 187 Extra"]
[Source "ChessBase"]
[SourceDate "2018.11.04"]
[SourceVersion "1"]
[SourceVersionDate "2018.11.04"]
[SourceQuality "1"]

1. d4 Nf6 2. Nf3 g6 3. e3 Bg7 4. Be2 0-0 5. 0-0 c5 6. dxc5 Qc7 7. a3 Ne4 8. c4 Nxc5 9. Qc2 d6 10. Nd4 Nc6 11. Nc3 a6 12. Nxc6 bxc6 13. e4 Rb8 14. Be3 Nb3 15. Rad1 c5 16. Bd3 Bd7 17. Rb1 Bc6 18. Qd1 Qb7 19. Re1 Kh8 20. Kh1 f5 21. f3 f4 22. Bf2 Qc7 23. Bc2 Na5 24. Qd3 Nb3 25. Ne2 Qb7 26. Red1 a5 27. Be1 a4 28. Bc3 Be5 29. Bxe5+ dxe5 30. Bxb3 Qxb3 31. Qxb3 Rxb3 32. Nc1 Re3 33. Nd3 Rb8 34. Nxe5 Be8 35. h4 Kg7 36. Rd3 Rb3 37. Rd8 Bf7 38. Nxf7 Kxf7 39. Ra8 Re2 40. Rxa4 Rc2 41. Ra5 Rxc4 42. a4 Ke6 43. Ra6+ Ke5 44. Rd1 e6 45. Rb1 Rc2 46. Rc6 c4 47. Rd1 Rbxb2 48. Rc5+ Kf6 49. e5+ Ke7 50. Rc7+ Ke8 1/2-1/2

[Event "GER-ch Seniors 50"]
[Site "Hamburg"]
[Date "2018.07.24"]
[Round "4"]
[White "Schaefer, Martin1111"]
[Black "Kannenberg, Karl Heinz"]
[Result "0-1"]
[WhiteElo "2009"]
[BlackElo "2187"]
[PlyCount "68"]
[EventDate "2018.07.21"]
[EventType "swiss"]
[EventRounds "9"]
[EventCountry "GER"]
[SourceTitle "CBM 186 Extra"]
[Source "ChessBase"]
[SourceDate "2018.08.24"]
[SourceVersion "1"]
[SourceVersionDate "2018.08.24"]
[SourceQuality "1"]

1. d4 d5 2. c4 c6 3. Nf3 Nf6 4. Nc3 a6 5. e3 b5 6. b3 Bg4 7. h3 Bh5 8. g4 Bg6 9. Ne5 Nfd7 10. h4 Nxe5 11. dxe5 h5 12. g5 e6 13. Bb2 Nd7 14. cxd5 cxd5 15. Be2 Be7 16. f4 Nc5 17. a3 Bf5 18. b4 Ne4 19. Nxe4 Bxe4 20. 0-0 g6 21. Bd3 Bxd3 22. Qxd3 Rc8 23. a4 Rc4 24. axb5 axb5 25. Ra7 0-0 26. Bd4 Bxb4 27. Rb7 Bc5 28. Rb1 Bxd4 29. exd4 Qc8 30. R7xb5 Rc3 31. Qd2 Rh3 32. Rc5 Qa6 33. Qe1 Qd3 34. Rd1 Qf3 0-1

[Event "Regionalliga Nord-West 1718"]
[Site "Bayern"]
[Date "2018.01.21"]
[Round "5.3"]
[White "Schwarzmann, Tobias"]
[Black "Kannenberg, Karl Heinz"]
[Result "0-1"]
[WhiteElo "1944"]
[BlackElo "2131"]
[PlyCount "58"]
[EventDate "2017.10.22"]
[EventType "team-tourn"]
[EventRounds "9"]
[EventCountry "GER"]
[SourceTitle "EXT 2022"]
[Source "ChessBase"]
[SourceDate "2021.10.06"]
[SourceVersion "1"]
[SourceVersionDate "2021.10.06"]
[SourceQuality "1"]
[WhiteTeam "Hoechstadt/Aisch"]
[BlackTeam "Kitzingen SC"]
[WhiteTeamCountry "GER"]
[BlackTeamCountry "GER"]

1. c4 c6 2. Nf3 d5 3. cxd5 cxd5 4. d4 Nf6 5. Nc3 Nc6 6. e3 Bg4 7. Be2 e6 8. a3 Bd6 9. b4 0-0 10. Bb2 Rc8 11. Rc1 Qe7 12. Qb3 Bh5 13. h3 Bb8 14. Bd3 Bg6 15. Bxg6 hxg6 16. Nd2 Rfd8 17. Ne2 a6 18. g3 e5 19. dxe5 Nxe5 20. Rxc8 Rxc8 21. Nf4 Nc4 22. Nxc4 dxc4 23. Qc3 Bxf4 24. gxf4 Qe6 25. h4 Rd8 26. Qc2 b5 27. Rg1 Rd3 28. Rg5 Qe4 29. h5 Rxe3+ 0-1

[Event "Regionalliga Nord-West 1718"]
[Site "Bayern"]
[Date "2017.12.10"]
[Round "4.3"]
[White "Kannenberg, Karl Heinz"]
[Black "Galstyan, Spartak"]
[Result "1-0"]
[WhiteElo "2131"]
[BlackElo "1867"]
[PlyCount "91"]
[EventDate "2017.10.22"]
[EventType "team-tourn"]
[EventRounds "9"]
[EventCountry "GER"]
[SourceTitle "EXT 2022"]
[Source "ChessBase"]
[SourceDate "2021.10.06"]
[SourceVersion "1"]
[SourceVersionDate "2021.10.06"]
[SourceQuality "1"]
[WhiteTeam "Kitzingen SC"]
[BlackTeam "Hof PTSV"]
[WhiteTeamCountry "GER"]
[BlackTeamCountry "GER"]

1. d4 Nf6 2. Bg5 g6 3. Bxf6 exf6 4. g3 d5 5. Bg2 Bg7 6. e3 0-0 7. Ne2 c6 8. 0-0 Re8 9. b3 Na6 10. c4 Nc7 11. Nbc3 Be6 12. c5 Qd7 13. b4 Bf5 14. a4 a6 15. Ra2 Rab8 16. Rb2 b5 17. cxb6 Rxb6 18. a5 Rb7 19. Na4 Bf8 20. Nb6 Qd6 21. Nc3 Na8 22. Nca4 Nxb6 23. axb6 Be7 24. Qe2 Ra8 25. Ra1 Bd8 26. Bf1 Bxb6 27. Nc5 Bxc5 28. bxc5 Rxb2 29. Qxb2 Qb8 30. Qxb8+ Rxb8 31. Bxa6 Ra8 32. Ra2 Be4 33. f4 Bd3 34. Bc4 Rxa2 35. Bxa2 f5 36. Kf2 Kf8 37. Ke1 Ke7 38. Kd2 Bb5 39. Kc3 Kd7 40. Kb4 Kc7 41. Bxd5 Kd7 42. Bxf7 Ke7 43. Bg8 Bd3 44. Ka5 Be4 45. Kb6 Bf3 46. d5 1-0

[Event "Wch Seniors 50 27th"]
[Site "Acqui Terme"]
[Date "2017.11.11"]
[Round "5"]
[White "Kannenberg, Karl Heinz"]
[Black "Bischoff, Klaus"]
[Result "0-1"]
[WhiteElo "2216"]
[BlackElo "2513"]
[PlyCount "104"]
[EventDate "2017.11.07"]
[EventType "swiss"]
[EventRounds "11"]
[EventCountry "ITA"]
[SourceTitle "CBM 181 Extra"]
[Source "ChessBase"]
[SourceDate "2017.12.12"]
[SourceVersion "1"]
[SourceVersionDate "2017.12.12"]
[SourceQuality "1"]

1. d4 d6 2. Nf3 g6 3. e3 Bg7 4. Be2 Nd7 5. 0-0 e5 6. c4 e4 7. Ne1 f5 8. Nc3 Nh6 9. Nc2 0-0 10. f3 exf3 11. Bxf3 Nf6 12. Qd3 Nf7 13. Nd5 Nxd5 14. Bxd5 c6 15. Bf3 Ng5 16. Bd2 d5 17. cxd5 Nxf3+ 18. Rxf3 Qxd5 19. Nb4 Qf7 20. Qa3 Qe7 21. Nc2 Qxa3 22. Nxa3 Be6 23. Rf2 Bd5 24. Nb1 Rad8 25. Nc3 Bc4 26. Rc1 Rfe8 27. b3 Bf7 28. Na4 Bh6 29. Re1 f4 30. exf4 Rxe1+ 31. Bxe1 Rxd4 32. Rd2 Re4 33. Bf2 b6 34. Nc3 Re7 35. g3 Bg7 36. Rd8+ Re8 37. Rxe8+ Bxe8 38. Be1 Bd4+ 39. Kf1 c5 40. Ke2 Bc6 41. Kd3 Kf7 42. a4 a6 43. b4 Ke6 44. a5 bxa5 45. bxc5 Bxc5 46. Ne4 Bxe4+ 47. Kxe4 a4 48. Bc3 a3 49. g4 Be7 50. f5+ gxf5+ 51. gxf5+ Kf7 52. Kd3 Bf6 0-1

[Event "Wch Seniors 50 27th"]
[Site "Acqui Terme"]
[Date "2017.11.08"]
[Round "2"]
[White "Antonio, Rogelio Jr"]
[Black "Kannenberg, Karl Heinz"]
[Result "1-0"]
[WhiteElo "2431"]
[BlackElo "2216"]
[PlyCount "89"]
[EventDate "2017.11.07"]
[EventType "swiss"]
[EventRounds "11"]
[EventCountry "ITA"]
[SourceTitle "CBM 181 Extra"]
[Source "ChessBase"]
[SourceDate "2017.12.12"]
[SourceVersion "1"]
[SourceVersionDate "2017.12.12"]
[SourceQuality "1"]

1. e4 c6 2. Nc3 d5 3. Nf3 dxe4 4. Nxe4 Nf6 5. Qe2 Nxe4 6. Qxe4 Nd7 7. Bc4 Nf6 8. Ne5 e6 9. Qe2 Be7 10. 0-0 0-0 11. Rd1 Qc7 12. d4 Nd5 13. Rd3 f6 14. Nf3 b5 15. Bb3 Bd6 16. c3 Bd7 17. Rd1 Rae8 18. a4 a6 19. axb5 axb5 20. Bd2 Ra8 21. Bc2 Bf4 22. Be1 Rxa1 23. Rxa1 Qb7 24. Qd3 g6 25. Qe2 Ra8 26. Rd1 Qc8 27. g3 Bh6 28. Nd2 Bg7 29. Ne4 e5 30. dxe5 fxe5 31. Bb3 Be6 32. Ng5 Nf4 33. Qc2 Nd5 34. c4 bxc4 35. Qxc4 Kh8 36. Nxe6 Qxe6 37. Rc1 Rc8 38. Qa6 Rd8 39. Rxc6 Qe7 40. Ba5 Rd7 41. Rc8+ Bf8 42. Qa8 Kg7 43. Bxd5 Ra7 44. Qxa7 Qxa7 45. Rc7+ 1-0